[Event "9th Open"]
[Site "Foxwoods USA"]
[Date "2007.04.06"]
[Round "5"]
[White "Enhbat,T"]
[Black "Fleischman,E"]
[Result "1-0"]
[WhiteElo "2379"]
[BlackElo "2092"]

1.Nf3 Nf6 2.c4 c5 3.Nc3 g6 4.g3 Nc6 5.Bg2 Bg7 6.O-O O-O 7.d4 d6 8.dxc5 dxc5
9.Bf4 Nh5 10.Be3 b6 11.Qc1 Bb7 12.Rd1 Qc8 13.Bh6 Rd8 14.Bxg7 Rxd1+ 15.Qxd1 Kxg7
16.Nd5 e6 17.Nc3 Nf6 18.Qd6 Qb8 19.Nb5 a6 20.Qxb8 Rxb8 21.Nc3 Na5 22.Ne5 Bxg2
23.Kxg2 b5 24.cxb5 axb5 25.Rd1 c4 26.Rd6 b4 27.Na4 Rb5 28.f4 Ne4 29.Rd7 Nc5
30.Nxc5 Rxc5 31.Nxf7 Kf8 32.Ne5 c3 33.bxc3 bxc3 34.Nd3 c2 35.Nc1 Ke8 36.Rxh7 Kd8
37.Ra7 Kc8 38.Kf2 Nc6 39.Ra4 Kb7 40.Ke3 Kb6 41.Kd2 Kb5 42.Re4 e5 43.Nb3 c1=Q+
44.Nxc1 exf4 45.gxf4 Rh5 46.a4+ Kc5 47.Re6  1-0

[Event "19th Kreuz Open"]
[Site "Lenk SUI"]
[Date "2007.04.06"]
[Round "2"]
[White "Stojanovic,Mih"]
[Black "Schmid,C2"]
[Result "1-0"]
[WhiteElo "2588"]
[BlackElo "2178"]

1.Nf3 Nf6 2.c4 c5 3.Nc3 e6 4.e4 d6 5.d4 cxd4 6.Nxd4 b6 7.Be2 Bb7 8.f3 a6
9.Be3 Nbd7 10.a4 Qc7 11.a5 Be7 12.O-O O-O 13.Qd2 Rac8 14.Rfc1 Rfe8 15.Bf1 Qb8
16.axb6 Nxb6 17.Nd1 Nbd7 18.b4 Ne5 19.Nb2 Ba8 20.Ra4 Nc6 21.Nd3 Ne5 22.Nxe5 dxe5
23.Nc2 Red8 24.Qe1 Ne8 25.Rxa6 Nd6 26.c5 Nb5 27.Rb6  1-0

[Event "8th ch-Euro"]
[Site "Dresden GER"]
[Date "2007.04.08"]
[Round "6"]
[White "Loxine,J"]
[Black "Womacka,M"]
[Result "1/2-1/2"]
[WhiteElo "2301"]
[BlackElo "2448"]

1.Nf3 c5 2.c4 Nf6 3.Nc3 e6 4.g3 b6 5.Bg2 Bb7 6.O-O Be7 7.Re1 a6 8.e4 d6 9.d4 cxd4
10.Nxd4 Qc7 11.Be3 Nbd7 12.f4 h5 13.Rc1 Ng4 14.Nd5 exd5 15.cxd5 Qd8 16.Nc6 Bxc6
17.dxc6 Nc5 18.Bd4 Qc7 19.h3 Ne5 20.fxe5 dxe5 21.Bxc5 Bxc5+ 22.Kh2 Rd8 23.Qe2 a5
24.a3 Rh6 25.Qb5 Rd4 26.Red1 Rxd1 27.Rxd1 Qxc6 28.Bf1 Ke7 29.Qxc6 Rxc6 30.Bb5 Rf6
31.Rd7+ Ke6 32.Rd2 Rf3 33.Kg2 Re3 34.Re2 Rxe2+ 35.Bxe2 a4 36.Bb5 Bd4 37.Bxa4 Bxb2
38.Bb3+ Ke7 39.a4 g6 40.g4 h4 41.Kf3 Bc1 42.Bc4 f6  1/2-1/2

[Event "Elitzur Winter"]
[Site "Givataim ISR"]
[Date "2007.04.08"]
[Round "2"]
[White "Porat,I"]
[Black "Kaganskiy,G"]
[Result "0-1"]
[WhiteElo "2348"]
[BlackElo "2337"]

1.c4 Nf6 2.Nf3 c5 3.Nc3 e6 4.g3 b6 5.Bg2 Bb7 6.O-O Be7 7.d4 cxd4 8.Nxd4 Bxg2
9.Kxg2 O-O 10.e4 Qc7 11.b3 Qb7 12.f3 d6 13.Bb2 a6 14.Qd2 Nc6 15.Nxc6 Qxc6
16.a4 Rfd8 17.Ne2 Qb7 18.Nd4 Ne8 19.Qe2 Bf6 20.b4 Nc7 21.b5 Bxd4 22.Bxd4 axb5
23.cxb5 e5 24.Bf2 Ne6 25.Rfd1 Nc5 26.Qc4 h6 27.Ra2 Qe7 28.Rd5 Rdc8 29.Bxc5 Rxc5
30.Rxc5 dxc5 31.a5 bxa5 32.b6 Qd6 33.Rb2 Qd4 34.Qb5 c4 35.Rc2 Qd3 36.Rb2 Qd4
37.Rc2 Qd3 38.Rxc4 Qe2+ 39.Kh3 Qxf3 40.Rc7 Qh5+ 41.Kg2 Rd8 42.Rc2 Qd1 43.Rf2 Qd4
44.Qc6 Qd6 45.Qb5 Rb8 46.b7 Qb4 47.Rb2 Qxe4+ 48.Kh3 Qf5+ 49.Kg2 Qe4+ 50.Kh3 g5
51.Qd7 Kg7 52.Qc7 g4+ 53.Kh4 Qf5 54.Qe7 Re8 55.Rf2 Rxe7 56.Rxf5 Rxb7 57.Rxe5 Ra7
58.Kxg4 a4 59.Re2 a3 60.Ra2 Kf6 61.Kh5 Ra8 62.h4 Kg7 63.Kg4 Kg6 64.Kf4 Kf6
65.Kf3 h5 66.Kf4 Ra4+ 67.Kf3 Kf5 68.Ke3 Ke5 69.Kd2 Ke4  0-1

[Event "45th Doeberl Cup"]
[Site "Canberra AUS"]
[Date "2007.04.09"]
[Round "7"]
[White "Goldenberg,I"]
[Black "Ikeda,J"]
[Result "0-1"]
[WhiteElo "2388"]
[BlackElo "2154"]

1.Nf3 c5 2.c4 e6 3.Nc3 Nf6 4.g3 b6 5.Bg2 Bb7 6.O-O Be7 7.Re1 O-O 8.e4 d6
9.d4 cxd4 10.Nxd4 Qc8 11.b3 Rd8 12.Bb2 Nbd7 13.h3 a6 14.Rc1 Qb8 15.Qe2 Qa7
16.Rcd1 Rac8 17.Kh2 Qb8 18.Kg1 g6 19.Rc1 Bf8 20.Rcd1 Bg7 21.Qd2 Nc5 22.Ba1 Qa8
23.Qe3 h5 24.Nc2 Qb8 25.Qe2 h4 26.g4 g5 27.Nd4 Nh7 28.Qd2 Bf6 29.Nde2 Be7
30.f4 gxf4 31.Nxf4 Bg5 32.b4 Nd7 33.Qf2 Ne5 34.Rf1 Qc7 35.Nd3 Nxc4 36.Rde1 Nd2
37.Nd5 exd5 38.Qd4 f6 39.Rf5 Qf7 40.exd5 Re8 41.Bc3 Rxe1+ 42.Nxe1 Nc4 43.Kh2 Ne3
44.Rxg5+ Nxg5 45.Qxe3 Re8 46.Qd2 Ne4 47.Qh6 Nxc3  0-1

[Event "Elitzur Winter"]
[Site "Givataim ISR"]
[Date "2007.04.09"]
[Round "3"]
[White "Kaganskiy,G"]
[Black "Porat,Ma"]
[Result "0-1"]
[WhiteElo "2337"]
[BlackElo "2153"]

1.Nf3 Nf6 2.c4 g6 3.Nc3 c5 4.g3 Bg7 5.Bg2 O-O 6.d4 cxd4 7.Nxd4 Nc6 8.O-O Nxd4
9.Qxd4 d6 10.Qd3 Bf5 11.e4 Be6 12.Bd2 a6 13.Rac1 Rb8 14.b3 Nd7 15.Qe2 Nc5
16.Rfd1 Qa5 17.Rc2 Bd7 18.Nd5 Qd8 19.Be3 b6 20.f4 e6 21.Nc3 Qe7 22.Qd2 Bxc3
23.Rxc3 Bc6 24.Qxd6 Qb7 25.Bxc5 bxc5 26.Qxc5 Bxe4 27.Bxe4 Qxe4 28.Qe3 Qb7
29.Rcd3 a5 30.Rd7 Qb4 31.Qd2 a4 32.Qxb4 Rxb4 33.R1d3 Kg7 34.c5 axb3 35.axb3 Rfb8
36.c6 Rxb3 37.c7 Rb1+ 38.Kf2 R8b2+ 39.Kf3 Rc2 40.Re7 Rf1+ 41.Kg4 h5+ 42.Kg5 Rh1
43.f5 Rc5 44.g4 hxg4 45.Rd8 Rxf5+ 46.Kh4 g5+ 47.Kxg4 Rg1+ 48.Kh5 Rf4 49.Rg8+ Kf6
50.Rxe6+ Kf5 51.Kh6 Rc4 52.c8=Q Rxc8 53.Rxc8 Kxe6 54.Rc6+ Kf5 55.Kg7 Rg2
56.Rc5+ Kf4 57.Rc4+ Kf3 58.Rc3+ Kg4 59.Kxf7 Rxh2 60.Kg6 Rg2 61.Rc5 Kh4  0-1

[Event "19th Kreuz Open"]
[Site "Lenk SUI"]
[Date "2007.04.09"]
[Round "6"]
[White "Pavlovic,Milos"]
[Black "Pahud,C"]
[Result "1-0"]
[WhiteElo "2534"]
[BlackElo "2117"]

1.Nf3 c5 2.c4 Nf6 3.Nc3 g6 4.d4 cxd4 5.Nxd4 Nc6 6.e4 Nxd4 7.Qxd4 d6 8.Be3 Be6
9.f3 Bg7 10.Rc1 O-O 11.Qd2 Qa5 12.b3 Rfc8 13.Bd3 a6 14.Na4 Qxd2+ 15.Kxd2 Nd7
16.g4 Rc6 17.Nc3 Rac8 18.Nd5 Bxd5 19.exd5 R6c7 20.f4 Bb2 21.Rc2 Ba3 22.g5 a5
23.h4 a4 24.h5 axb3 25.axb3 Bc5 26.Ke2 Bxe3 27.Kxe3 Nc5 28.hxg6 fxg6 29.Rch2 e6
30.Bxg6 exd5 31.Bxh7+ Kg7 32.Bf5 Re8+ 33.Kf3 Rce7 34.Rh7+ Kf8 35.Rh8+ Kf7
36.R1h7+  1-0

[Event "8th ch-Euro"]
[Site "Dresden GER"]
[Date "2007.04.11"]
[Round "8"]
[White "Loxine,J"]
[Black "Volke,K"]
[Result "1-0"]
[WhiteElo "2301"]
[BlackElo "2490"]

1.Nf3 Nf6 2.c4 c5 3.Nc3 e6 4.g3 b6 5.Bg2 Bb7 6.O-O Be7 7.Re1 d6 8.e4 Nbd7
9.d4 cxd4 10.Nxd4 Qc7 11.Ndb5 Qb8 12.Be3 a6 13.Nd4 Qa7 14.g4 Nc5 15.f3 Rc8
16.g5 Ng8 17.f4 h6 18.b4 Nd7 19.g6 Ngf6 20.gxf7+ Kxf7 21.Bh3 Nf8 22.e5 h5
23.exf6 gxf6 24.Nxe6 Rxc4 25.Nd5 f5 26.Nxf8 Bxf8 27.Qd3 Re4 28.Bxf5  1-0

[Event "Reykjavik International"]
[Site "Reykjavik ISL"]
[Date "2007.04.11"]
[Round "1"]
[White "Gretarsson,Hj"]
[Black "Vijayalakshmi,S"]
[Result "0-1"]
[WhiteElo "2156"]
[BlackElo "2424"]

1.c4 Nf6 2.Nc3 c5 3.Nf3 b6 4.g3 Bb7 5.Bg2 e6 6.O-O Be7 7.d4 cxd4 8.Qxd4 Nc6
9.Qf4 O-O 10.Rd1 a6 11.b3 b5 12.Ne5 Qc8 13.cxb5 Nxe5 14.Bxb7 Qxc3 15.Bd2 Qc5
16.Bxa8 Rxa8 17.bxa6 Nc6 18.a4 Nd4 19.Qe3 Qa7 20.Bc3 Nc6 21.Bxf6 Bxf6 22.Rac1 Bd4
23.Qf4 Bc5 24.e3 h6 25.Qe4 Rb8 26.h3 Rb4 27.Qc2 d6 28.Rxd6 Bxd6 29.Qxc6 Rb6
30.Qe8+ Kh7 31.h4 Rxb3 32.Qc6 Rb6 33.Qe4+ f5 34.Qf3 Rxa6 35.g4 Rxa4 36.gxf5 Rxh4
37.fxe6 Qa5  0-1

[Event "8th ch-Euro"]
[Site "Dresden GER"]
[Date "2007.04.13"]
[Round "10"]
[White "Naumann,A"]
[Black "Durarbeyli,V"]
[Result "0-1"]
[WhiteElo "2543"]
[BlackElo "2368"]

1.Nf3 Nf6 2.c4 c5 3.Nc3 e6 4.g3 b6 5.Bg2 Bb7 6.O-O d6 7.Re1 a6 8.e4 Qc7 9.d4 cxd4
10.Nxd4 Nbd7 11.Nd5 exd5 12.exd5+ Ne5 13.f4 O-O-O 14.fxe5 dxe5 15.Nf5 Qxc4
16.Be3 Kb8 17.Rc1 Qb5 18.a4 Qb4 19.d6 Bxg2 20.Kxg2 Bxd6 21.Qf3 Bc7 22.a5 Nd5
23.axb6 Bxb6 24.Bxb6 Nxb6 25.Nxg7 Rd2+ 26.Kg1 Qd4+ 27.Kh1 Rf2 28.Qd1 Rd8
29.Qxd4 exd4 30.b3 d3 31.Rcd1 Rb2 32.Re7 Rxb3 33.Rxf7 Nc4 34.Ne6 Rd6 35.Nc5 Rb5
36.Nxa6+ Rxa6 37.Rxd3 Rb1+ 38.Kg2 Rb2+ 39.Rf2 Rxf2+ 40.Kxf2 Ra2+ 41.Kg1 Kc7
42.Rd4 Ne5 43.Rf4 Kd6 44.h3 Ke6 45.Rf8 Ng6 46.Rf3 Ne7 47.g4 Nd5 48.Rf5 Nf6
49.Kh1 Ne4 50.Kg1 Rb2 51.Rh5 Rb7 52.Kg2 Nf6 53.Rf5 Nd5 54.Kg3 Rb3+ 55.Kh2 Nf6
56.Kg2 Rd3 57.Kh2 Ne4 58.Rh5 Rd2+ 59.Kg1 Rd7 60.Kg2 Rf7 61.Ra5 Nd6 62.Kg3 Kf6
63.Ra6 Rd7 64.Kf4 Kg7 65.Ra3 Nf7 66.Rb3 Rd6 67.Ra3 Rf6+ 68.Kg3 Kg6 69.Re3 Ng5
70.h4 Nf7 71.Re8 Ra6 72.Rg8+ Kf6 73.g5+ Kf5 74.Rg7 Ra7 75.Rg8 Rb7 76.Kg2 Ne5
77.h5 Kg4 78.g6 h6 79.Re8 Nd3 80.Rh8 Kxh5  0-1

[Event "8th ch-Euro"]
[Site "Dresden GER"]
[Date "2007.04.14"]
[Round "11"]
[White "Grigoriants,S RUS"]
[Black "Grooten,H"]
[Result "1-0"]
[WhiteElo "2594"]
[BlackElo "2379"]

1.Nf3 Nf6 2.c4 c5 3.Nc3 e6 4.g3 b6 5.Bg2 Bb7 6.O-O Be7 7.Re1 d6 8.e4 a6 9.d4 cxd4
10.Nxd4 Qc7 11.Be3 Nbd7 12.Rc1 O-O 13.b3 Nc5 14.f3 Rfe8 15.g4 h6 16.Qd2 Rad8
17.h4 Nfd7 18.g5 Ne5 19.Bf1 d5 20.cxd5 exd5 21.f4 Ng4 22.e5 h5 23.Bh3 Bc8
24.Bg2 Qb7 25.Kh1 Ne4 26.Nxe4 dxe4 27.Bg1 e3 28.Bxe3 Nxe3 29.Qxe3 Qd7 30.Nc6 Bc5
31.Rxc5 bxc5 32.Nxd8 Rxd8 33.e6 fxe6 34.Qxc5 Qd2 35.Qe3 Qxa2 36.Rc1 e5 37.Qxe5 Qd2
38.Rxc8 Rxc8 39.Qe6+ Kh7 40.Be4+  1-0

[Event "Open"]
[Site "Metz FRA"]
[Date "2007.04.14"]
[Round "1"]
[White "Shchekachev,A"]
[Black "Billot,D"]
[Result "1-0"]
[WhiteElo "2530"]
[BlackElo "1918"]

1.Nf3 Nf6 2.c4 c5 3.Nc3 g6 4.d4 cxd4 5.Nxd4 Bg7 6.e4 O-O 7.Be2 Nc6 8.Be3 d6
9.O-O Bd7 10.Re1 Rc8 11.f3 Nh5 12.Bf1 Ne5 13.b3 a6 14.Qd2 b5 15.cxb5 axb5
16.Ndxb5 Nf4 17.Bxf4 Bxb5 18.Nxb5  1-0

[Event "Open"]
[Site "Metz FRA"]
[Date "2007.04.14"]
[Round "1"]
[White "Jouhaneau,J"]
[Black "Gharamian,T"]
[Result "0-1"]
[WhiteElo "1867"]
[BlackElo "2471"]

1.c4 Nf6 2.Nc3 c5 3.Nf3 e6 4.e3 Be7 5.Be2 O-O 6.O-O Nc6 7.a3 b6 8.Re1 Bb7
9.d4 cxd4 10.exd4 d5 11.b4 dxc4 12.Bxc4 Rc8 13.Qd3 Bxb4 14.axb4 Nxb4 15.Qe2 Bxf3
16.gxf3 Qxd4 17.Bxe6 fxe6 18.Qxe6+ Kh8 19.Bb2 Nd3 20.Ne4 Qxb2 21.Rxa7 Nxe4
22.Rf1 Ng5 23.Qg4 Nxf3+ 24.Kh1 Qe5 25.Qh3 Nxf2+ 26.Rxf2 Rc1+  0-1

[Event "Reykjavik International"]
[Site "Reykjavik ISL"]
[Date "2007.04.18"]
[Round "8"]
[White "Bergsson,St"]
[Black "Misiuga,A"]
[Result "0-1"]
[WhiteElo "2112"]
[BlackElo "2153"]

1.Nf3 c5 2.c4 Nf6 3.Nc3 d5 4.cxd5 Nxd5 5.d4 cxd4 6.Qxd4 Nxc3 7.Qxc3 Nc6 8.e4 Bd7
9.Bb5 Rc8 10.O-O a6 11.Bxc6 Bxc6 12.Bg5 f6 13.Bf4 e5 14.Rfd1 Bd7 15.Qb3 exf4
16.Qxb7 Rc6 17.e5 Qc7 18.Qb3 Bc5 19.exf6 gxf6 20.Re1+ Kf8 21.Qd5 Kg7 22.Rac1 Bb4
23.Ng5 Rf8 24.Qd3 fxg5 25.Rxc6 Qxc6 26.Qd4+ Qf6 27.Qxb4 Re8 28.Rc1 Bf5 29.h4 h6
30.h5 Re7 31.Rc6 Qe5 32.Kh2 Bd3 33.Rc5 Qf6 34.Rc6 Qe5 35.Rc5 Qe4 36.Qc3+ Kh7
37.Rc8 Rg7 38.Qf6 Qe7 39.Qb6 g4 40.Kg1 g3 41.Rh8+ Kxh8 42.Qd8+  0-1

[Event "Open"]
[Site "Metz FRA"]
[Date "2007.04.20"]
[Round "7"]
[White "Shchekachev,A"]
[Black "Marholev,D"]
[Result "1-0"]
[WhiteElo "2530"]
[BlackElo "2375"]

1.Nf3 c5 2.c4 Nf6 3.Nc3 b6 4.e4 d6 5.d4 cxd4 6.Nxd4 Bb7 7.f3 e6 8.Be3 Be7
9.Be2 O-O 10.O-O Nbd7 11.Qd2 Qb8 12.Rfd1 Rc8 13.Rac1 a6 14.Kh1 Bd8 15.Rc2 Ne5
16.Na4 d5 17.exd5 exd5 18.Nf5 Nxc4 19.Bxc4 Rxc4 20.Rxc4 dxc4 21.Bxb6 Bxb6
22.Nxb6 Bxf3 23.Qg5 Nh5 24.Nh6+  1-0

[Event "Open"]
[Site "Metz FRA"]
[Date "2007.04.20"]
[Round "7"]
[White "Krivoshey,S"]
[Black "Spraggett,K"]
[Result "1-0"]
[WhiteElo "2475"]
[BlackElo "2631"]

1.Nf3 c5 2.c4 Nf6 3.Nc3 e6 4.g3 b6 5.Bg2 Bb7 6.O-O Be7 7.Re1 d6 8.e4 Nbd7
9.d4 cxd4 10.Nxd4 Qc7 11.Ndb5 Qb8 12.f4 a6 13.Nd4 O-O 14.g4 Rc8 15.g5 Ne8
16.Qe2 Qc7 17.Bh3 Nf8 18.Be3 Qxc4 19.Qf2 Qc7 20.f5 e5 21.Nf3 Nd7 22.Rac1 Qd8
23.Qh4 Bf8 24.f6 g6 25.Nd5 Rxc1 26.Rxc1 Nc5 27.b4 Na4 28.Qg4 b5 29.Qd7 Bxd5
30.exd5 Qxd7 31.Bxd7 Nb2 32.Rc8 Rxc8 33.Bxc8 Nd3 34.a3 Nc7 35.Bb7 Nf4 36.Bxf4 exf4
37.Kg2 h6 38.h4 Kh7 39.Nd2 hxg5 40.hxg5 Kg8 41.Kf3 Kh7 42.Kxf4 Kg8 43.Ke4  1-0

[Event "Open"]
[Site "Metz FRA"]
[Date "2007.04.20"]
[Round "7"]
[White "Boidman,Y"]
[Black "Kasparova,T"]
[Result "1/2-1/2"]
[WhiteElo "2438"]
[BlackElo "2218"]

1.Nf3 Nf6 2.c4 c5 3.Nc3 b6 4.d4 cxd4 5.Nxd4 Bb7 6.Bg5 a6 7.e4 d6 8.Bxf6 gxf6
9.Qh5 Bc8 10.O-O-O Qc7 11.Nd5 Qb7 12.f4 Nc6 13.f5 Ne5 14.Nf3 Nxf3 15.gxf3 Bd7
16.Rg1 Bc6 17.Kb1 Bxd5 18.cxd5 O-O-O 19.f4 Kb8 20.Bd3 b5 21.a4 bxa4 22.Qe2 Bh6
23.Rgf1 a3 24.Rd2 Ka7 25.Qf2+ Qb6 26.Qxb6+ Kxb6 27.bxa3 Rhg8 28.Ka2 Ka7 29.Rdf2 Rb8
30.Rc1 Rgc8 31.Rxc8 Rxc8 32.Rf3 Rb8 33.Bc2 a5 34.Ba4 Kb6 35.Kb3 Kc5+ 36.Kc3 Rb1
37.Bc2 Rh1 38.h3 Rg1 39.Kb3 Rh1 40.Ka4 Ra1 41.Kxa5 Kd4 42.Kb5 Ra2 43.Rd3+ Kxe4
44.Rc3+ Kd4 45.Rd3+ Ke4 46.Bb1 Ra1 47.Bc2 Ra2 48.Rc3+ Kxf4 49.a4 Ke5 50.Kc6 Kd4
51.Rd3+ Ke4 52.Bb3 Kxd3 53.Bxa2 Ke4 54.Kd7 Kxf5 55.Kxe7 Ke5 56.Kxf7 Bd2 57.Ke7 f5
58.Kd7 f4 59.Kc6 f3 60.Bc4 f2 61.Bf1 h6 62.Bg2 Be1 63.Kd7 f1=Q 64.Bxf1 Kxd5
65.Bg2+ Ke5 66.Kc6 h5 67.Kd7 h4 68.a5 Kf4 69.a6 Bf2 70.Kc6 Bc5 71.Kb7 Kg5
72.a7 Bxa7 73.Kxa7  1/2-1/2

[Event "FMA Masters"]
[Site "Madrid ESP"]
[Date "2007.04.21"]
[Round "3"]
[White "Borges Mateos,J"]
[Black "Mateo,Ra"]
[Result "1/2-1/2"]
[WhiteElo "2482"]
[BlackElo "2448"]

1.Nf3 Nf6 2.c4 e6 3.Nc3 c5 4.g3 b6 5.Bg2 Bb7 6.O-O a6 7.Re1 Be7 8.e4 d6 9.d4 cxd4
10.Nxd4 Qc7 11.b3 O-O 12.Bb2 Nc6 13.Rc1 Nxd4 14.Qxd4 Rab8 15.h3 Ba8 16.Kh2 Rfc8
17.Ba3 Ne8 18.Red1  1/2-1/2

[Event "9th Open"]
[Site "Dubai UAE"]
[Date "2007.04.22"]
[Round "1"]
[White "Ihsan,J"]
[Black "Safarli,E"]
[Result "0-1"]
[WhiteElo "2155"]
[BlackElo "2463"]

1.c4 c5 2.Nc3 Nf6 3.Nf3 e6 4.g3 Nc6 5.Bg2 d5 6.cxd5 Nxd5 7.O-O Be7 8.d4 O-O
9.Nxd5 exd5 10.dxc5 Bxc5 11.b3 Bf5 12.Bb2 Be4 13.Rc1 Qe7 14.e3 Rfe8 15.Qd2 Bb6
16.Rfd1 Rad8 17.Qe2 a6 18.a3 Na5 19.Nd2 Bxg2 20.Kxg2 d4 21.e4 d3 22.Qg4 Bd4
23.Bxd4 Rxd4 24.Rc8 Rxc8 25.Qxc8+ Rd8 26.Qc3 Nc6 27.b4 Nd4 28.Qc5 Qf6 29.f4 Ne6
30.e5 Qg6 31.Qe3 Nd4 32.Qe4 Qe6 33.Kf1 Nb3  0-1

[Event "FMA Masters"]
[Site "Madrid ESP"]
[Date "2007.04.23"]
[Round "5"]
[White "Minzer,C"]
[Black "Roa Alonso,S"]
[Result "1-0"]
[WhiteElo "2414"]
[BlackElo "2423"]

1.Nf3 Nf6 2.c4 c5 3.Nc3 e6 4.g3 d5 5.cxd5 exd5 6.d4 Nc6 7.Bg2 Be7 8.O-O O-O
9.Bg5 cxd4 10.Nxd4 h6 11.Be3 Re8 12.Qb3 Na5 13.Qc2 Bg4 14.h3 Bd7 15.Rad1 Rc8
16.Qb1 Bb4 17.Bd2 Nc4 18.Be1 Bxc3 19.Bxc3 Ne4 20.Be1 Qb6 21.b3 Na3 22.Qb2 Nb5
23.a4 Nbc3 24.Bxc3 Nxc3 25.Rd2 Ne4 26.Rd3 Qf6 27.Qa1 a6 28.e3 Qg6 29.Rfd1 Ng5
30.h4 Ne4 31.Ne2 Rc2 32.Nf4 Qg4 33.Rf1 Nd2 34.Rxd2 Rxd2 35.Bh3 Qf3 36.Bxd7 Rd8
37.Qc3 Rd1 38.Qc7 Rxf1+ 39.Kxf1 Rf8 40.Qxb7 Qh1+ 41.Ke2 a5 42.Bc6 Qc1 43.Bxd5 g6
44.Qc6 Qb2+ 45.Kf1 Kg7 46.Qd7 Kg8 47.Qd6 Kg7 48.Qe7 Kg8 49.Kg2 Qg7 50.e4 g5
51.hxg5 hxg5 52.Nh5 Qg6 53.Nf6+ Kg7 54.Ne8+ Kg8 55.Nd6  1-0

[Event "XIII Open"]
[Site "Cutro ITA"]
[Date "2007.04.25"]
[Round "3"]
[White "Krivoshey,S"]
[Black "Vijayalakshmi,S"]
[Result "0-1"]
[WhiteElo "2475"]
[BlackElo "2424"]

1.Nf3 Nf6 2.c4 c5 3.Nc3 e6 4.g3 b6 5.Bg2 Bb7 6.O-O a6 7.Re1 Qc7 8.e4 d6 9.d4 cxd4
10.Nxd4 Be7 11.f4 Nc6 12.Nb3 O-O 13.Be3 Nd7 14.Rc1 Nc5 15.a3 Rac8 16.Na1 Qb8
17.b4 Nd7 18.Nb3 Qa8 19.Qe2 Rfd8 20.Red1 a5 21.b5 Ncb8 22.Na4 d5 23.cxd5 Rxc1
24.Bxc1 exd5 25.e5 Nc5 26.Nbxc5 Bxc5+ 27.Be3 Nd7 28.Nc3 d4 29.Bxd4 Bxa3 30.Ne4 Bf8
31.Re1 Nc5 32.Bxc5 bxc5 33.Nd2 c4 34.Ne4 a4 35.Qxc4 a3 36.Re2 Qa7+ 37.Rf2 Rc8  0-1

[Event "9th Open"]
[Site "Dubai UAE"]
[Date "2007.04.25"]
[Round "4"]
[White "Mchedlishvili,M"]
[Black "Safarli,E"]
[Result "0-1"]
[WhiteElo "2609"]
[BlackElo "2463"]

1.c4 c5 2.Nc3 Nf6 3.Nf3 e6 4.e3 d5 5.d4 a6 6.cxd5 exd5 7.Be2 Nc6 8.O-O Bd6
9.dxc5 Bxc5 10.a3 O-O 11.b4 Ba7 12.b5 Ne7 13.Bb2 Nf5 14.bxa6 bxa6 15.Na4 Ne4
16.Nd4 Nh4 17.Nf3 Be6 18.Bd4 Bb8 19.g3 Nf5 20.Bc5 Re8 21.Rc1 Qf6 22.Bd4 Qg6
23.Be5 Bxe5 24.Nxe5 Qf6 25.Nf3 Rad8 26.Nc5 Nxc5 27.Rxc5 d4 28.e4 d3 29.Bxd3 Nd4
30.Nd2 Nb5 31.Bxb5 axb5 32.Qe2 Qb2 33.Rd1 Bc4 34.Qe1 Qxa3 35.Rxc4 bxc4 36.Nxc4 Qf3
37.Rd2 Rxd2 38.Nxd2 Qd3 39.Kg2 h5 40.h4 Re5 41.Qc1 Re8 42.Qe1 g6 43.e5 Qd5+
44.Nf3 Kg7 45.Qe3 Ra8 46.Qd4 Qxd4 47.Nxd4 Re8 48.f4 Rd8 49.Nf3 Kf8 50.Ng5 Ke7
51.g4 f6 52.exf6+ Kxf6 53.Ne4+ Kg7 54.gxh5 gxh5 55.f5 Rd3 56.Ng3 Kh6 57.Ne4 Re3
58.Ng3 Rc3 59.Ne4 Rd3 60.Ng5 Rd4 61.Kh3 Rf4 62.Kg3 Rxf5 63.Ne6 Kg6 64.Nf4+ Kf6
65.Nd3 Ke6 66.Nf4+ Ke5 67.Nh3 Ke4 68.Ng5+ Ke3 69.Ne6 Rf3+ 70.Kg2 Rf6 71.Nc7 Rc6
72.Nd5+ Ke4  0-1

[Event "9th Open"]
[Site "Dubai UAE"]
[Date "2007.04.26"]
[Round "5"]
[White "Kotsur,P"]
[Black "Kulicov,O"]
[Result "1-0"]
[WhiteElo "2588"]
[BlackElo "2403"]

1.Nf3 Nf6 2.c4 c5 3.Nc3 g6 4.d4 cxd4 5.Nxd4 Nc6 6.Nc2 Bg7 7.e4 d6 8.Be2 Nd7
9.Bd2 Nc5 10.O-O O-O 11.f3 a5 12.Kh1 a4 13.Rc1 Be6 14.Na3 Nd4 15.Be3 Nxe2
16.Qxe2 Qa5 17.Bd2 Qb6 18.Bg5 Rfe8 19.Rc2 Rac8 20.Nab5 Qa5 21.Bd2 Bd7 22.Rd1 Bc6
23.Be1 Qa6 24.Bf2 Qa5 25.Rb1 Na6 26.Be1 Nc5 27.b4 axb3 28.axb3 Qd8 29.Bf2 Qd7
30.b4 Bxb5 31.Nxb5 Ne6 32.Rd1 Nc7 33.Na7 Ra8 34.c5 Rxa7 35.cxd6 Nb5 36.dxe7 Bd4
37.Rc4 Ra1 38.Bxd4 Nxd4 39.Qd3 Rxd1+ 40.Qxd1 Rc8 41.Rxd4 Qxe7 42.Qd2 b5 43.g3 h5
44.Kg2 h4 45.Rd5 hxg3 46.hxg3 Qe8 47.Qd3 Rb8 48.Rd7 Qe5 49.Qd4 Qe6 50.Qd5 Qf6
51.e5 Qf5 52.g4 Qc2+ 53.Kg3 Qc4 54.Rd8+ Rxd8 55.Qxd8+ Kg7 56.Qf6+ Kh7 57.Kh4 Qd5
58.Kg5 Qd2+ 59.f4 Qd5 60.Qd6 Qc4 61.e6 fxe6 62.Qe7+ Kg8 63.Qf6 Qxb4 64.Qxe6+ Kf8
65.Qf6+ Kg8 66.Qxg6+ Kh8 67.Qe8+ Kg7 68.Qd7+ Kg8 69.f5 Qc4 70.Kh6 Kf8 71.g5 b4
72.Qd8+  1-0

[Event "9th Open"]
[Site "Dubai UAE"]
[Date "2007.04.28"]
[Round "7"]
[White "Sturua,Z"]
[Black "Kulicov,O"]
[Result "1-0"]
[WhiteElo "2513"]
[BlackElo "2403"]

1.Nf3 Nf6 2.c4 c5 3.Nc3 g6 4.d4 cxd4 5.Nxd4 Nc6 6.Nc2 Bg7 7.e4 d6 8.Be2 Nd7
9.Bd2 Nc5 10.O-O O-O 11.f3 a5 12.Rc1 a4 13.Kh1 f5 14.exf5 Bxf5 15.Be3 Ne5
16.Nd4 Bd7 17.Ndb5 Bxb5 18.cxb5 Ned7 19.Re1 Kh8 20.Bf1 Nb6 21.Rc2 Re8 22.f4 Rc8
23.g3 Qd7 24.Bg2 Rc7 25.a3 Qf5 26.Rce2 Bf6 27.Bd4 Kg7 28.Bxc5 dxc5 29.Re6 Nc4
30.g4 Qxf4 31.Nd5 Nxb2 32.Qe2  1-0

[Event "12th Cvitanovic Mem A"]
[Site "Split CRO"]
[Date "2007.05.01"]
[Round "4"]
[White "Ljubicic,F"]
[Black "Zelic,Ml"]
[Result "1-0"]
[WhiteElo "2396"]
[BlackElo "2258"]

1.Nf3 Nf6 2.c4 g6 3.Nc3 c5 4.e4 Bg7 5.d4 cxd4 6.Nxd4 Nc6 7.Be3 Ng4 8.Qxg4 Nxd4
9.Qd1 Ne6 10.Rc1 d6 11.Be2 Bd7 12.Qd2 Bc6 13.b4 b6 14.Nd5 Qd7 15.O-O O-O
16.f4 f5 17.exf5 gxf5 18.Bf3 Rac8 19.Rfe1 Kh8 20.Bf2 Rg8 21.g3 b5 22.Qe3 Nd4
23.Qxd4 Bxd4 24.Bxd4+ e5 25.fxe5 Rg7 26.e6 Qb7 27.cxb5 Be8 28.Rxc8 Qxc8 29.Ne7 Qc2
30.Bc6 Qd2 31.Bxg7+ Kxg7 32.Nxf5+ Kf6 33.Rf1 Bxc6 34.bxc6 Kxe6 35.Rf4 Qc1+  1-0

[Event "TCh-RUS HL"]
[Site "Sochi RUS"]
[Date "2007.05.04"]
[Round "2"]
[White "Rakhmanov,A"]
[Black "Makarov,M"]
[Result "0-1"]
[WhiteElo "2497"]
[BlackElo "2515"]

1.Nf3 Nf6 2.c4 e6 3.Nc3 c5 4.g3 b6 5.Bg2 Bb7 6.O-O Be7 7.d4 cxd4 8.Qxd4 d6
9.Rd1 a6 10.Bg5 Nbd7 11.Bxf6 Nxf6 12.Ng5 Bxg2 13.Kxg2 O-O 14.Rac1 Qc7 15.Nge4 Rac8
16.Nxf6+ Bxf6 17.Qxd6 Qb7+ 18.f3 Rxc4 19.Ne4 Be7 20.Qd3 Rxc1 21.Rxc1 Rd8
22.Qc4 b5 23.Qc7 Qxc7 24.Rxc7 Kf8 25.Nf2 Rd2 26.Rc8+ Rd8 27.Rc2 Ra8 28.Rc7 Ke8
29.Nd3 Bd6 30.Rb7 Rb8 31.Ra7 Rb6 32.f4 h5 33.Kf3 Rc6 34.Rb7 g6 35.Ke4 Rc4+
36.Ke3 Rc6 37.Kf3 Kf8 38.h3 Kg7 39.g4 hxg4+ 40.hxg4 g5 41.f5 exf5 42.gxf5 Rc4
43.e4 g4+ 44.Kxg4 Rxe4+ 45.Kg5 Rd4 46.f6+ Kg8 47.Nf2 Bg3 48.Nh3 Bh4+ 49.Kf5 Rd5+
50.Ke4 Rd6 51.Nf4 Bxf6 52.b3 Ba1 53.Kf5 Rd2 54.a4 bxa4 55.bxa4 Rc2 56.Nd3 Rc4
57.Rb4 Rc3 58.Rd4 Ra3 59.Rd8+ Kg7 60.Nc5 a5 61.Ra8 Bc3 62.Ra7 Ra1 63.Nb7 Rd1
64.Ra6 Rd5+ 65.Ke4 Rd4+ 66.Kf5 Rxa4 67.Nd6 Ra1 68.Rc6 Rf1+ 69.Ke4 Re1+ 70.Kd3 Bb4
71.Nf5+ Kh7 72.Rh6+ Kg8 73.Rh4 Re5 74.Rh5 Re6 75.Kc4 f6 76.Nd4 Rd6 77.Kd3 Ra6
78.Rb5 Kf7 79.Nf5 Ra7 80.Nd4 Bf8 81.Kc2 a4 82.Kb2 a3+ 83.Ka2 Rd7 84.Nc2 Kg6  0-1

[Event "ch-LTU"]
[Site "Siauliai LTU"]
[Date "2007.05.07"]
[Round "4"]
[White "Zagorskis,D"]
[Black "Jegorovas,A"]
[Result "1/2-1/2"]
[WhiteElo "2463"]
[BlackElo "2274"]

1.c4 Nf6 2.Nf3 c5 3.Nc3 e6 4.g3 b6 5.Bg2 Bb7 6.O-O Be7 7.d4 cxd4 8.Qxd4 d6
9.Bg5 a6 10.Bxf6 Bxf6 11.Qf4 Ra7 12.Rfd1 Be7 13.b4 Bxf3 14.Bxf3 O-O 15.Ne4 Rd7
16.Nd2 Qc7 17.Rac1  1/2-1/2

[Event "TCh-RUS HL"]
[Site "Sochi RUS"]
[Date "2007.05.10"]
[Round "8"]
[White "Belov,Ig1"]
[Black "Ionov,S"]
[Result "1/2-1/2"]
[WhiteElo "2439"]
[BlackElo "2539"]

1.Nf3 c5 2.c4 Nf6 3.Nc3 d5 4.cxd5 Nxd5 5.d4 Nxc3 6.bxc3 g6 7.e3 Bg7 8.Bb5+ Bd7
9.Bd3 O-O 10.O-O Nc6 11.Rb1 Qc7 12.Ba3 b6 13.Qe2 Rfd8 14.Rfd1 Na5 15.h3 Ba4
16.Rdc1 Nb7 17.e4 e6 18.e5 Qd7 19.Be4 Bc6 20.dxc5 Nxc5 21.Bxc5 bxc5 22.Bxc6 Qxc6
23.Qb5 Qc7 24.Qe2  1/2-1/2

[Event "TCh-RUS HL"]
[Site "Sochi RUS"]
[Date "2007.05.10"]
[Round "8"]
[White "Shkurikhin,I"]
[Black "Faizrakhmanov,G"]
[Result "1-0"]
[WhiteElo "2353"]
[BlackElo "2348"]

1.Nf3 Nf6 2.c4 e6 3.Nc3 c5 4.g3 b6 5.Bg2 Bb7 6.O-O Nc6 7.d4 Nxd4 8.Nxd4 Bxg2
9.Kxg2 cxd4 10.Qxd4 Qc7 11.Rd1 Qc6+ 12.f3 Bc5 13.Qd3 O-O 14.e4 h6 15.b3 Rfd8
16.Bb2 Be7 17.e5 Ne8 18.Qe4 Qxe4 19.Nxe4 d5 20.cxd5 exd5 21.Nf2 f6 22.Rac1 fxe5
23.Bxe5 Bf6 24.Ng4 Bxe5 25.Nxe5 Rd6 26.Rd4 Rad8 27.Kf2 Re6 28.f4 g5 29.Kf3 gxf4
30.gxf4 h5 31.Rd2 d4 32.Rcd1 Ng7 33.Rxd4 Rf8 34.Rd8 b5 35.Rxf8+ Kxf8 36.Rd8+ Ne8
37.Ke4 Ra6 38.Rd2 Nf6+ 39.Kf5 Ke7 40.Ng6+ Kf7 41.h3 Kg7 42.Ne5 Kf8 43.Rd8+ Kg7
44.Rb8 Nd5 45.Rxb5 Ne7+ 46.Kg5 Rxa2 47.Rb7 Rg2+ 48.Kxh5 Kf6 49.Ng4+ Ke6 50.Rxa7 Rg3
51.Ra6+ Kf7 52.Rb6 Nd5 53.Rb7+ Ke6 54.Kg5 Rf3 55.h4 Nxf4 56.h5 Nh3+ 57.Kh4 Nf4
58.h6 Ng6+ 59.Kg5 Nf8 60.Rb6+ Ke7 61.Ne5 Rg3+ 62.Kf5 Rh3 63.Ng6+ Nxg6 64.Kxg6 Rg3+
65.Kh7 Kf7 66.Rb7+ Kf6 67.b4  1-0